[Event "RSA-ch U10"]
[Site "Bloemfontein"]
[Date "2016.03.26"]
[Round "11"]
[White "Webber, Ethan James"]
[Black "Vather, Shayur"]
[Result "0-1"]
[WhiteElo "1192"]
[BlackElo "1312"]
[PlyCount "55"]
[EventDate "2016.03.20"]
[EventType "swiss"]
[EventRounds "11"]
[EventCountry "RSA"]
[SourceTitle "CBM 171 Extra"]
[Source "ChessBase"]
[SourceDate "2016.04.26"]
[SourceVersion "1"]
[SourceVersionDate "2016.04.26"]
[SourceQuality "1"]

1. e4 c5 2. Nf3 g6 3. g3 Nc6 4. Bg2 Nf6 5. d3 Bg7 6. 0-0 0-0 7. Nc3 d5 8. exd5 Nxd5 9. Nxd5 Qxd5 10. Ng5 Qd8 11. Ne4 Qb6 12. Rb1 h6 13. Be3 Nd4 14. c3 Ne6 15. b4 Qa6 16. Qc2 cxb4 17. cxb4 Nd4 18. Bxd4 Bxd4 19. Qc4 Qxc4 20. dxc4 Be6 21. Rfd1 Rfd8 22. Rbc1 Rac8 23. Nc3 Bxc3 24. Rxd8+ Rxd8 25. h4 Bxc4 26. Rb1 a5 27. Rf1 Rc8 28. a3 0-1

[Event "RSA-ch U10"]
[Site "Bloemfontein"]
[Date "2016.03.21"]
[Round "3"]
[White "Van Schaik, Migael"]
[Black "Vather, Shayur"]
[Result "1-0"]
[WhiteElo "1201"]
[BlackElo "1312"]
[PlyCount "149"]
[EventDate "2016.03.20"]
[EventType "swiss"]
[EventRounds "11"]
[EventCountry "RSA"]
[SourceTitle "CBM 171 Extra"]
[Source "ChessBase"]
[SourceDate "2016.04.26"]
[SourceVersion "1"]
[SourceVersionDate "2016.04.26"]
[SourceQuality "1"]

1. e4 c5 2. Nc3 Nc6 3. f4 g6 4. Nf3 Bg7 5. Bc4 d6 6. 0-0 Nf6 7. e5 dxe5 8. fxe5 Nxe5 9. Nxe5 Qd4+ 10. Kh1 Qxe5 11. Re1 Qd4 12. Qe2 0-0 13. d3 Ng4 14. Be3 Qe5 15. Bg1 Qh5 16. Qxe7 Bd4 17. h3 Bxg1 18. Kxg1 Nh6 19. Rf1 a6 20. Bd5 Nf5 21. Qxc5 Ng7 22. Qc4 Be6 23. Bxe6 Nxe6 24. Qd5 Qxd5 25. Nxd5 Nd4 26. c3 Nc6 27. d4 b6 28. Nxb6 Ra7 29. Nc4 Rc7 30. b3 Ne7 31. g4 Nd5 32. Rac1 Rb8 33. Kg2 Rxc4 34. bxc4 Ne3+ 35. Kf2 Nxf1 36. Kxf1 Rb2 37. a4 Ra2 38. c5 Rxa4 39. c4 Kf8 40. d5 Ke7 41. Re1+ Kd7 42. Rc1 Rb4 43. Rc3 a5 44. Ke2 a4 45. Kd3 Rb3 46. Rxb3 axb3 47. Kc3 Kc7 48. Kxb3 Kd7 49. c6+ Kc7 50. c5 f6 51. Kc4 h6 52. Kd4 Kd8 53. d6 Kc8 54. c7 f5 55. gxf5 gxf5 56. Ke5 h5 57. Kxf5 Kd7 58. c6+ Kc8 59. d7+ Kxc7 60. h4 Kd8 61. Ke6 Kc7 62. Ke7 Kxc6 63. d8Q Kc5 64. Qd6+ Kc4 65. Qe5 Kb4 66. Kd6 Kc4 67. Qd5+ Kc3 68. Qe4 Kb3 69. Kc5 Kc3 70. Qd4+ Kc2 71. Kb4 Kb1 72. Qd3+ Kc1 73. Qe2 Kb1 74. Kc3 Ka1 75. Qb2# 1-0

[Event "RSA-ch U08"]
[Site "Waterkloof"]
[Date "2015.04.08"]
[Round "7"]
[White "Vather, Shayur"]
[Black "Van Schalkwyk, Jan Maarten"]
[Result "1-0"]
[WhiteElo "1048"]
[BlackElo "754"]
[PlyCount "55"]
[EventDate "2015.04.04"]
[EventType "swiss"]
[EventRounds "9"]
[EventCountry "RSA"]
[SourceTitle "CBM 166 Extra"]
[Source "ChessBase"]
[SourceDate "2015.06.18"]
[SourceVersion "1"]
[SourceVersionDate "2015.06.18"]
[SourceQuality "1"]

1. e4 e5 2. Nf3 Nc6 3. d4 d6 4. dxe5 dxe5 5. Qxd8+ Nxd8 6. Nxe5 Nf6 7. Bc4 Nxe4 8. 0-0 Bc5 9. Be3 Bd6 10. Nd3 Nc6 11. Re1 0-0 12. Bxa7 Rxa7 13. Rxe4 Ra4 14. Bxf7+ Rxf7 15. Rxa4 Rf8 16. Nc3 Bf5 17. Nb5 Rd8 18. Nxd6 Rxd6 19. Ra8+ Kf7 20. h3 Nd4 21. Ne1 Bxc2 22. Nxc2 Nxc2 23. Rc1 Nd4 24. Rxc7+ Kf6 25. Rf8+ Ke6 26. Rxg7 Kd5 27. Rxh7 Nf5 28. Rxb7 1-0